[Event "Primorsko op"]
[Site "Primorsko"]
[Date "2020.09.16"]
[Round "3"]
[White "Karadzhov, Ivan"]
[Black "Neshev, Nikola"]
[Result "1-0"]
[WhiteElo "2124"]
[BlackElo "1878"]
[PlyCount "85"]
[EventDate "2020.09.14"]
[EventType "swiss"]
[EventRounds "9"]
[EventCountry "BUL"]
[SourceTitle "CBM 198 Extra"]
[Source "ChessBase"]
[SourceDate "2020.11.30"]
[SourceVersion "1"]
[SourceVersionDate "2020.11.30"]
[SourceQuality "1"]

1. d4 Nf6 2. c4 e6 3. Nc3 Bb4 4. e3 0-0 5. Bd3 b6 6. Nge2 Bb7 7. 0-0 d5 8. cxd5 Nxd5 9. e4 Nxc3 10. bxc3 Be7 11. c4 Nd7 12. f4 f5 13. Qc2 g6 14. Bb2 Nf6 15. e5 Ne4 16. Rad1 Qc8 17. Ng3 Nxg3 18. hxg3 Rd8 19. g4 Rf8 20. gxf5 gxf5 21. Be2 Kh8 22. Bf3 Rg8 23. d5 Bc5+ 24. Bd4 Qf8 25. d6 Bxf3 26. Rxf3 cxd6 27. exd6+ Bxd4+ 28. Rxd4 Rd8 29. Qe2 Qf6 30. Qe5 Qxe5 31. fxe5 Rg7 32. Kf2 Rdg8 33. g3 Rd8 34. a4 Rgd7 35. a5 Rc8 36. axb6 axb6 37. Rb3 Rc6 38. Kf3 Kg7 39. g4 Kg6 40. Rf4 fxg4+ 41. Kxg4 Kg7 42. Kh5 Rc5 43. Rg3+ 1-0

[Event "EU-ch U16"]
[Site "Bratislava"]
[Date "2019.08.09"]
[Round "8"]
[White "Neshev, Nikola"]
[Black "Woltery, Nicolai"]
[Result "0-1"]
[WhiteElo "1675"]
[BlackElo "1918"]
[PlyCount "52"]
[EventDate "2019.08.02"]
[EventType "swiss"]
[EventRounds "9"]
[EventCountry "SVK"]
[SourceTitle "CBM 191 Extra"]
[Source "ChessBase"]
[SourceDate "2019.09.30"]
[SourceVersion "1"]
[SourceVersionDate "2019.09.30"]
[SourceQuality "1"]

1. e4 c5 2. Nf3 Nc6 3. d4 cxd4 4. Nxd4 g6 5. Nc3 Bg7 6. Be3 Nf6 7. Bc4 0-0 8. Bb3 d6 9. f3 Bd7 10. Qd2 Nxd4 11. Bxd4 b5 12. h4 a5 13. h5 a4 14. Bd5 b4 15. Ne2 Ra5 16. Bxf6 exf6 17. hxg6 hxg6 18. Nf4 Re8 19. g3 f5 20. Qh2 Qf6 21. c3 bxc3 22. 0-0-0 Rc8 23. e5 dxe5 24. Qh7+ Kf8 25. Bxf7 cxb2+ 26. Kb1 Rc1+ 0-1

[Event "EU-ch U16"]
[Site "Bratislava"]
[Date "2019.08.02"]
[Round "1"]
[White "Neshev, Nikola"]
[Black "Kazmin, Semen"]
[Result "1/2-1/2"]
[WhiteElo "1675"]
[BlackElo "2134"]
[PlyCount "60"]
[EventDate "2019.08.02"]
[EventType "swiss"]
[EventRounds "9"]
[EventCountry "SVK"]
[SourceTitle "CBM 191 Extra"]
[Source "ChessBase"]
[SourceDate "2019.09.30"]
[SourceVersion "1"]
[SourceVersionDate "2019.09.30"]
[SourceQuality "1"]

1. e4 e6 2. d4 d5 3. Nd2 c5 4. c3 Nc6 5. Ngf3 cxd4 6. cxd4 Qb6 7. exd5 exd5 8. Nb3 Nf6 9. Bd3 Bb4+ 10. Bd2 Bg4 11. 0-0 Bxd2 12. Qe2+ Kf8 13. Qxd2 Bxf3 14. gxf3 Nxd4 15. Nxd4 Qxd4 16. Kh1 Nh5 17. Rg1 Nf4 18. Rg4 g5 19. Rxg5 Nxd3 20. Rd1 Qf4 21. Qxd3 Qxg5 22. Re1 Qf4 23. Qa3+ Kg7 24. Rg1+ Kh6 25. Rg4 Qc1+ 26. Rg1 Qf4 27. Rg4 Qe5 28. f4 Qe4+ 29. Kg1 Qb1+ 30. Kg2 Qe4+ 1/2-1/2